| 000 | 00863nam a2200205 i 4500 | ||
|---|---|---|---|
| 001 | 122212 | ||
| 003 | ES-MaACL | ||
| 005 | 20230906191930.0 | ||
| 007 | t| | ||
| 008 | 070214s19651979sp r ||||1| spa d | ||
| 100 | 1 |
_aPrieto Cobos, Victorino. _993920 |
|
| 245 | 1 | 0 |
_aEjercicio de las acciones civiles / _cVictorino Prieto Cobos ; prólogo del Ilmo. Sr. D. Narciso Antonio Alonso-Cortés. |
| 250 | _a3ª ed. corr. y ampl. | ||
| 260 |
_aMadrid : _bLex, _c1965-79. |
||
| 300 |
_a2 v. ; _c22 cm. |
||
| 505 | 8 | _aContiene: t. I, v. I: Materias aplicables al ejercicio de las acciones ; acciones reales --- v. III: Acciones personales, contractuales y no contractuales.- 4ª ed. corr. y ampl. --- [Falta el v. II] | |
| 650 | 4 |
_aAcción (Derecho)- _zEspaña. _9156720 |
|
| 700 | 1 |
_aAlonso-Cortés, Narciso Antonio. _920278 |
|
| 852 |
_aES-MaACL _jP-445-Ter _bR.55942 |
||
| 999 |
_c122212 _d122212 |
||